header

High-speed integrated circuit technology (Record no. 14251)

MARC details
000 -LEADER
fixed length control field 01327nam a2200325Ia 4500
245 00 - TITLE STATEMENT
Title High-speed integrated circuit technology
260 ## - PUBLICATION, DISTRIBUTION, ETC. (IMPRINT)
Place of publication Singapore ;
-- River Edge, NJ :
Name of publisher World Scientific,
Year of publication c2001.
300 ## - PHYSICAL DESCRIPTION
Number of Pages viii, 362 p. :
Other physical details ill.
490 1# - SERIES STATEMENT
Series statement Selected topics in electronics and systems ;
650 #0 - SUBJECT ADDED ENTRY--TOPICAL TERM
Topical Term Logic circuits.
Topical Term Very high speed integrated circuits.
700 1# - ADDED ENTRY--PERSONAL NAME
Personal name Rodwell, Mark J. W.
856 40 - ELECTRONIC LOCATION AND ACCESS
Uniform Resource Identifier http://site.ebrary.com/lib/rucke/Doc?id=10255538

No items available.

© 2026 Rongo University
Contact us: librarian | system librarian | Rongo university